[Event "Copenhagen Chess Challenge 2012"]
[Site "Ballerup"]
[Date "2012.??.??"]
[Round "6"]
[White "Brondt, Nicolai Kvist"]
[Black "Tikkanen, Hans"]
[Result "0-1"]
[WhiteElo "2138"]
[BlackElo "2566"]
[PlyCount "130"]
[EventDate "2012.??.??"]
[EventType "swiss"]
[EventRounds "9"]
[EventCountry "DEN"]

1. d4 Nf6 2. Nf3 g6 3. c4 Bg7 4. g3 d5 5. Bg2 dxc4 6. Na3 c3 7. bxc3 O-O 8. O-O
c5 9. e3 Nc6 10. Qe2 Nd5 11. Bb2 Nb6 12. Rac1 Qd5 13. Ba1 Qh5 14. Qb5 Rd8 15.
c4 Bd7 16. Qxc5 Qxc5 17. dxc5 Bxa1 18. Rxa1 Na4 19. Nd4 Nxc5 20. Nxc6 Bxc6 21.
Bxc6 bxc6 22. Rfd1 Rab8 23. Nc2 Rxd1+ 24. Rxd1 e5 25. Ne1 e4 26. Nc2 Nd3 27.
Nd4 Ne5 28. Nb3 Rb4 29. c5 Ra4 30. Nc1 Rc4 31. Nb3 Rc2 32. Rd8+ Kg7 33. Nd4
Rxc5 34. Rc8 g5 35. g4 a5 36. Kg2 Nxg4 37. Rxc6 Rxc6 38. Nxc6 a4 39. Nb4 Nf6
40. a3 Kg6 41. Na6 Nd5 42. Nc5 Nc3 43. f3 f5 44. fxe4 fxe4 45. Kf2 Kf5 46. Ke1
Ke5 47. Kd2 Kd5 48. Nd7 Nb1+ 49. Ke2 Kc4 50. Nf6 Nxa3 51. Nxe4 Nb1 52. Nd6+ Kd5
53. Nb5 a3 54. Nd4 Ke4 55. Nb3 Nc3+ 56. Kd2 Nd5 57. Nc5+ Kf3 58. e4 a2 59. Nb3
Kxe4 60. Ke2 Nf4+ 61. Kf2 Nd3+ 62. Kg3 h5 63. h3 Nc1 64. Na1 Kd3 65. Kf3 Kc3
0-1

[Event "Copenhagen Chess Challenge 2012"]
[Site "Ballerup"]
[Date "2012.??.??"]
[Round "6"]
[White "Christensen, Tobias"]
[Black "Rydstrom, Tom"]
[Result "1-0"]
[WhiteElo "2363"]
[BlackElo "2037"]
[PlyCount "99"]
[EventDate "2012.??.??"]
[EventType "swiss"]
[EventRounds "9"]
[EventCountry "DEN"]

1. Nc3 e5 2. Nf3 Nc6 3. d4 exd4 4. Nxd4 Nxd4 5. Qxd4 Qf6 6. Be3 Qxd4 7. Bxd4 c6
8. e4 d6 9. f4 Nf6 10. e5 dxe5 11. fxe5 Nd5 12. Ne4 Nb4 13. O-O-O Bf5 14. Nd6+
Bxd6 15. exd6 O-O 16. a3 Nd5 17. c4 Nf4 18. Be3 Ng6 19. Bf2 b6 20. Rg1 Be6 21.
Bg3 f5 22. Re1 Bd7 23. Bd3 f4 24. Bf2 Bf5 25. Be2 c5 26. b4 Rac8 27. bxc5 bxc5
28. Bf3 Rfd8 29. Bb7 Rb8 30. Bd5+ Kh8 31. Bxc5 Rbc8 32. Bb4 a5 33. Bxa5 Rxd6
34. Kb2 h6 35. Bb4 Rdd8 36. Kb3 Bc2+ 37. Kxc2 Rxd5 38. Re8+ Rxe8 39. cxd5 Nh4
40. Kd3 Nf5 41. Re1 Rd8 42. Ke4 Ne3 43. d6 Nxg2 44. Rg1 Ne3 45. Kxf4 Nc4 46.
Rd1 g5+ 47. Ke4 Kg8 48. Bc5 Kf7 49. Rd4 Nb2 50. Kd5 1-0

[Event "Copenhagen Chess Challenge 2012"]
[Site "Ballerup"]
[Date "2012.??.??"]
[Round "6"]
[White "Maack, Kjartan"]
[Black "Jacobsen, Bo"]
[Result "0-1"]
[WhiteElo "2133"]
[BlackElo "2337"]
[PlyCount "100"]
[EventDate "2012.??.??"]
[EventType "swiss"]
[EventRounds "9"]
[EventCountry "DEN"]

1. c4 Nf6 2. g3 g6 3. Bg2 Bg7 4. Nc3 O-O 5. d4 d6 6. Nf3 Nc6 7. O-O Bf5 8. d5
Na5 9. Nd2 c5 10. e4 Bd7 11. Qc2 a6 12. b3 b5 13. Bb2 Rb8 14. Nd1 bxc4 15. bxc4
e5 16. Rb1 Nh5 17. Bc3 Rxb1 18. Qxb1 Bh6 19. Qd3 f5 20. f3 Nb7 21. Nf2 a5 22.
Rb1 Bc8 23. Rb5 Qg5 24. Nf1 Nf6 25. Qb1 fxe4 26. Bd2 Qh5 27. Bxh6 Qxh6 28. Nxe4
Nxe4 29. fxe4 Qg7 30. Ne3 Qc7 31. Rb2 Nd8 32. Qe1 Nf7 33. Rf2 Qb6 34. Qf1 Qb4
35. h4 Qc3 36. Nd1 Qxg3 37. h5 gxh5 38. Rf3 Qg7 39. Nc3 Bg4 40. Rf6 Ng5 41.
Rxf8+ Qxf8 42. Nb5 Qxf1+ 43. Kxf1 Nf7 44. Kf2 Kf8 45. Bf3 Ke7 46. Na7 Kd7 47.
Nc6 Bxf3 48. Kxf3 Ng5+ 49. Ke3 a4 50. Na7 h4 0-1

[Event "Copenhagen Chess Challenge 2012"]
[Site "Ballerup"]
[Date "2012.??.??"]
[Round "6"]
[White "Vesterli, Michael E"]
[Black "Westerinen, Heikki"]
[Result "0-1"]
[WhiteElo "2030"]
[BlackElo "2335"]
[PlyCount "118"]
[EventDate "2012.??.??"]
[EventType "swiss"]
[EventRounds "9"]
[EventCountry "DEN"]

1. d4 Nf6 2. c4 g6 3. Nc3 Bg7 4. e4 d6 5. Be2 O-O 6. Nf3 Bg4 7. Be3 Nfd7 8. Rc1
e5 9. d5 a5 10. a3 Qe7 11. O-O f5 12. b4 f4 13. Bd2 h5 14. Na4 axb4 15. axb4
Nf6 16. Nc3 Bh6 17. c5 g5 18. cxd6 cxd6 19. Ne1 Na6 20. f3 Bd7 21. Qb3 Qd8 22.
Nc2 Qb6+ 23. Kh1 Nc5 24. Qc4 Na4 25. Na3 Rfc8 26. Qb3 Nxc3 27. Rxc3 Rxc3 28.
Qxc3 Bf8 29. Be1 Qe3 30. Bd3 Rxa3 31. Qxa3 Bb5 32. Bf2 Qxd3 33. Qxd3 Bxd3 34.
Ra1 Kf7 35. Bb6 Nd7 36. Bc7 Ke7 37. Ra8 g4 38. Bd8+ Kf7 39. Bc7 Be2 40. Ra2
gxf3 41. Kg1 Nf6 42. Ra7 Nxe4 43. gxf3 Bxf3 44. Rxb7 Kg6 45. b5 Be2 46. Rb8 Bg7
47. Ba5 f3 48. Be1 Ng5 49. Kf2 e4 50. Ke3 Bc4 51. b6 Bxd5 52. b7 Nf7 53. Bc3
Bh6+ 54. Kd4 Bxb7 55. Rxb7 f2 56. Rb1 Bg7+ 57. Kc4 d5+ 58. Kxd5 Bxc3 59. Kxe4
Be1 0-1

[Event "Copenhagen Chess Challenge 2012"]
[Site "Ballerup"]
[Date "2012.??.??"]
[Round "6"]
[White "Hansen, Rasmus Agertoft"]
[Black "Carstensen, Jacob"]
[Result "0-1"]
[WhiteElo "1923"]
[BlackElo "2305"]
[PlyCount "88"]
[EventDate "2012.??.??"]
[EventType "swiss"]
[EventRounds "9"]
[EventCountry "DEN"]

1. b3 e5 2. Bb2 Nc6 3. c4 f5 4. e3 Nf6 5. a3 g6 6. Qc2 Bg7 7. d3 O-O 8. Nd2 d6
9. Ngf3 h6 10. Be2 Qe8 11. b4 g5 12. h3 Ne7 13. Nb3 Ng6 14. Nfd2 c6 15. Rc1 Be6
16. Na5 Qd7 17. c5 d5 18. Nf3 Qc7 19. d4 e4 20. Nd2 f4 21. Nf1 Nh4 22. Rg1
Nxg2+ 23. Rxg2 f3 24. Bxf3 exf3 25. Rh2 Ne4 26. Nc4 Nxf2 27. Qxf2 dxc4 28. Kd2
a5 29. Bc3 axb4 30. Bxb4 Ra4 31. Rc3 Bd5 32. Kc2 Be4+ 33. Kb2 b5 34. Nd2 Bd3
35. Nb3 Rfa8 36. Nc1 Rxb4+ 37. axb4 Qa7 38. Rxd3 cxd3 39. Kc3 Qa3+ 40. Nb3 Ra4
41. Qb2 Qxb4+ 42. Kxd3 Ra3 43. Kc2 Qc4+ 44. Qc3 Ra2+ 0-1

[Event "Copenhagen Chess Challenge 2012"]
[Site "Ballerup"]
[Date "2012.??.??"]
[Round "6"]
[White "Minko, Vladimir"]
[Black "Schmidt, Horst Hubert"]
[Result "1-0"]
[WhiteElo "2188"]
[BlackElo "1850"]
[PlyCount "73"]
[EventDate "2012.??.??"]
[EventType "swiss"]
[EventRounds "9"]
[EventCountry "DEN"]

1. d4 d5 2. c4 e6 3. Nc3 Nf6 4. cxd5 exd5 5. Bg5 Be7 6. e3 O-O 7. Bd3 Be6 8.
Qc2 Nbd7 9. Nge2 h6 10. Bh4 c5 11. O-O Rc8 12. Rad1 Nh5 13. Bxe7 Qxe7 14. dxc5
Rxc5 15. Nd4 Ne5 16. Bf5 a6 17. Qe2 g6 18. Nxe6 fxe6 19. Bxg6 Ng7 20. Bb1 b5
21. a3 Qh4 22. f4 Ng4 23. g3 Qh3 24. Rfe1 Nh5 25. e4 Rxf4 26. exd5 Nf2 27. gxf4
Nxd1 28. Rxd1 Nxf4 29. Qe4 Qg4+ 30. Kh1 Rxc3 31. Rg1 Rc1 32. Rxc1 Kf8 33. Rc8+
Ke7 34. Qh7+ Kf6 35. Rf8+ Ke5 36. Qe4+ Kd6 37. Qxf4+ 1-0

[Event "Copenhagen Chess Challenge 2012"]
[Site "Ballerup"]
[Date "2012.??.??"]
[Round "7"]
[White "Petrovski, Petruli"]
[Black "Philipsen, William Horup"]
[Result "0-1"]
[WhiteElo "1879"]
[BlackElo "1895"]
[PlyCount "105"]
[EventDate "2012.??.??"]
[EventType "swiss"]
[EventRounds "9"]
[EventCountry "DEN"]

1. Nf3 Nf6 2. g3 c5 3. Bg2 d5 4. c4 Nc6 5. O-O d4 6. d3 e5 7. Na3 a6 8. Nc2 Bd6
9. e3 O-O 10. exd4 cxd4 11. a3 a5 12. Rb1 Qe7 13. Re1 Bg4 14. h3 Be6 15. Bd2 a4
16. Qe2 Rfd8 17. Ng5 Bd7 18. Qf1 h6 19. Ne4 Nxe4 20. Bxe4 Qf8 21. Qg2 f5 22.
Bd5+ Kh8 23. f4 exf4 24. Bxf4 Bxf4 25. gxf4 Qd6 26. Qf2 Ra5 27. Nxd4 Nxd4 28.
Qxd4 Bc6 29. Qc3 Rxd5 30. cxd5 Qxd5 31. Re2 Qh1+ 32. Kf2 Qxb1 33. Re7 Rg8 34.
Re6 Kh7 35. Re1 Qa2 36. Qe5 Qd5 37. Qxd5 Bxd5 38. Re5 Bb3 39. Rxf5 Rc8 40. Ke3
Rc2 41. Rb5 Rxb2 42. Rxb7 Ra2 43. f5 Kg8 44. Kf4 Rxa3 45. d4 Bd5 46. Rd7 Rf3+
47. Ke5 Bc4 48. Rc7 Bd3 49. Ra7 Rxf5+ 50. Ke6 Rf6+ 51. Ke5 Ra6 52. Rc7 a3 53.
Rc1 0-1

[Event "Copenhagen Chess Challenge 2012"]
[Site "Ballerup"]
[Date "2012.??.??"]
[Round "7"]
[White "Bendixen, Daniel"]
[Black "Knudsen, Jes West"]
[Result "0-1"]
[WhiteElo "1837"]
[BlackElo "1890"]
[PlyCount "78"]
[EventDate "2012.??.??"]
[EventType "swiss"]
[EventRounds "9"]
[EventCountry "DEN"]

1. e4 d5 2. exd5 Nf6 3. d4 Nxd5 4. c4 Nb6 5. Nf3 Bg4 6. b3 e5 7. dxe5 Qxd1+ 8.
Kxd1 Nc6 9. Bb2 Bc5 10. Kc2 Bf5+ 11. Kc1 Bxf2 12. Nbd2 O-O-O 13. Bc3 a5 14. a3
Rhe8 15. Be2 Nd7 16. Rf1 Be3 17. Nh4 Be6 18. Nf5 Bxd2+ 19. Bxd2 Bxf5 20. Rxf5
Nd4 21. e6 Rxe6 22. Rxf7 Nxb3+ 23. Kb2 Nxa1 24. Bg4 Rf6 25. Re7 Rf2 26. Kc3
Rxg2 27. Rxg7 Rxh2 28. Bg5 Rc2+ 29. Kd3 h5 30. Bh3 Rh2 31. Bf5 Rf2 32. Be6 Rf3+
33. Ke4 Rff8 34. Bxd8 Rxd8 35. Rh7 Nb3 36. Kd5 Nbc5 37. Rxh5 Nxe6 38. Kxe6 b6
39. Ke7 Nc5 0-1

[Event "Copenhagen Chess Challenge 2012"]
[Site "Ballerup"]
[Date "2012.??.??"]
[Round "7"]
[White "Olsen, Michael Richard W"]
[Black "Skovgaard, Ib"]
[Result "0-1"]
[WhiteElo "2023"]
[BlackElo "2035"]
[PlyCount "78"]
[EventDate "2012.??.??"]
[EventType "swiss"]
[EventRounds "9"]
[EventCountry "DEN"]

1. e4 Nf6 2. Nc3 d6 3. d4 g6 4. Be2 Bg7 5. Be3 c6 6. Qd2 O-O 7. h3 Nbd7 8. g4
b5 9. Bf3 Nb6 10. b3 e5 11. Nce2 d5 12. dxe5 Nxe4 13. Bxe4 dxe4 14. Qb4 Re8 15.
Rd1 Nd5 16. Qxe4 Rxe5 17. Qf3 Qe7 18. Bd4 Re6 19. Bxg7 Kxg7 20. Rd4 Bb7 21. c4
Nf6 22. c5 Qxc5 23. Kf1 Rae8 24. Rf4 Qe7 25. Rh2 Nd5 26. Kg2 c5 27. Kg3 Nxf4
28. Qxf4 Rf6 29. Qg5 Qd6+ 30. f4 h6 31. Qh4 Re3+ 32. Kf2 Qd3 33. g5 hxg5 34.
Qxg5 Qe4 35. h4 Rf5 36. Qd8 Rxf4+ 37. Ke1 Rd3 38. Qxd3 Qxd3 39. Nxf4 Qg3+ 0-1

[Event "Copenhagen Chess Challenge 2012"]
[Site "Ballerup"]
[Date "2012.??.??"]
[Round "7"]
[White "Svane, Frederik"]
[Black "Skovle, Lars"]
[Result "1/2-1/2"]
[WhiteElo "1682"]
[BlackElo "1621"]
[PlyCount "96"]
[EventDate "2012.??.??"]
[EventType "swiss"]
[EventRounds "9"]
[EventCountry "DEN"]

1. e4 Nf6 2. e5 Nd5 3. d4 d6 4. c4 Nb6 5. f4 dxe5 6. fxe5 Bf5 7. Be3 e6 8. Nf3
Be7 9. Nc3 Nc6 10. Be2 O-O 11. O-O f6 12. exf6 Bxf6 13. Qd2 Qe8 14. Rae1 Rd8
15. Nb5 Rd7 16. Bf4 Qd8 17. c5 Nd5 18. Bc4 a6 19. Nc3 Nxf4 20. Qxf4 Bxd4+ 21.
Kh1 Bxc5 22. Ng5 Nd4 23. Qg3 Re7 24. Qe5 b5 25. Qxc5 bxc4 26. Qxc4 Qd6 27. Na4
h6 28. Rd1 Rd7 29. Nf3 c5 30. b4 Bc2 31. bxc5 Qc6 32. Rxd4 Rxd4 33. Nxd4 Rxf1+
34. Qxf1 Qxa4 35. Nxe6 Qg4 36. Nd8 Qd4 37. Ne6 Qe5 38. Nc7 Bd3 39. Qd1 Qxc5 40.
Ne6 Qc4 41. h3 Kh7 42. Ng5+ hxg5 43. Qh5+ Kg8 44. Qe8+ Kh7 45. Qh5+ Kg8 46.
Qe8+ Kh7 47. Qh5+ Kg8 48. Qe8+ Kh7 1/2-1/2

[Event "Copenhagen Chess Challenge 2012"]
[Site "Ballerup"]
[Date "2012.??.??"]
[Round "7"]
[White "Leosson, Atli Johann"]
[Black "Einarsson, Oskar Long"]
[Result "1-0"]
[WhiteElo "1715"]
[BlackElo "1591"]
[PlyCount "41"]
[EventDate "2012.??.??"]
[EventType "swiss"]
[EventRounds "9"]
[EventCountry "DEN"]

1. e4 c5 2. Nf3 a6 3. d4 cxd4 4. Nxd4 d6 5. Bd3 Nf6 6. O-O e6 7. Be3 Be7 8. c4
O-O 9. f4 Nc6 10. Nxc6 bxc6 11. Nc3 Qc7 12. g4 h6 13. h4 Nd7 14. g5 hxg5 15.
hxg5 g6 16. Rf2 Kg7 17. Rh2 Bb7 18. f5 exf5 19. exf5 gxf5 20. Rh7+ Kxh7 21.
Qh5+ 1-0

[Event "Copenhagen Chess Challenge 2012"]
[Site "Ballerup"]
[Date "2012.??.??"]
[Round "7"]
[White "Nielsen, Thomas (1994)"]
[Black "Kuntz, Lene"]
[Result "1-0"]
[WhiteElo "1616"]
[BlackElo "1701"]
[PlyCount "125"]
[EventDate "2012.??.??"]
[EventType "swiss"]
[EventRounds "9"]
[EventCountry "DEN"]

1. e4 e5 2. Nf3 Nc6 3. d4 exd4 4. Bc4 Be7 5. c3 d6 6. cxd4 Nf6 7. Nc3 Bg4 8.
Be3 O-O 9. h3 Bh5 10. g4 Bg6 11. Bd3 Nb4 12. Bb1 d5 13. e5 Ne4 14. Nxe4 Bxe4
15. Bxe4 dxe4 16. Nd2 Nd3+ 17. Ke2 Qd5 18. Qb3 Qxb3 19. axb3 Nb4 20. Rhc1 c6
21. Nxe4 Nd5 22. Nc5 b6 23. Nd3 Rfc8 24. Ra4 Rc7 25. Rac4 Rac8 26. Nf4 Nb4 27.
d5 b5 28. Rd4 cxd5 29. Rxc7 Rxc7 30. Nxd5 Nxd5 31. Rxd5 h6 32. Rxb5 Rc2+ 33.
Kd3 Rxb2 34. Bxa7 Ra2 35. Be3 Bh4 36. Rb8+ Kh7 37. f4 Rh2 38. Ke4 Rxh3 39. b4
Be1 40. b5 Rh2 41. b6 Rb2 42. Rf8 Ba5 43. Rxf7 Bxb6 44. Bxb6 Rxb6 45. Kd5 Kg8
46. Rc7 Kf8 47. Rc6 Rb4 48. Rc4 Rb6 49. f5 Ke7 50. Rc7+ Kf8 51. e6 Ra6 52. Rc8+
Ke7 53. Rc7+ Kf8 54. Rc6 Ra4 55. Rc4 Ra6 56. Ke5 Rb6 57. Kf4 g5+ 58. Ke5 Ke7
59. Rc7+ Kf8 60. Rh7 Kg8 61. Rxh6 Kg7 62. Rg6+ Kf8 63. e7+ 1-0

[Event "Copenhagen Chess Challenge 2012"]
[Site "Ballerup"]
[Date "2012.??.??"]
[Round "7"]
[White "Ziska, Helgi Dam"]
[Black "Brynell, Stellan"]
[Result "1-0"]
[WhiteElo "2450"]
[BlackElo "2489"]
[PlyCount "113"]
[EventDate "2012.??.??"]
[EventType "swiss"]
[EventRounds "9"]
[EventCountry "DEN"]

1. e4 e6 2. d3 d5 3. Qe2 Be7 4. Nf3 Nf6 5. g3 b6 6. e5 Nfd7 7. Bg2 Bb7 8. O-O
c5 9. c4 O-O 10. h4 dxc4 11. dxc4 Nc6 12. Bf4 Nd4 13. Nxd4 Bxg2 14. Kxg2 cxd4
15. Nd2 Nc5 16. Nf3 Qd7 17. Rfd1 d3 18. Qe3 Rfd8 19. Ne1 a5 20. Qf3 Qd4 21. b3
a4 22. Be3 Qxe5 23. b4 Nd7 24. Nxd3 Qc7 25. Rac1 Rac8 26. a3 Bf6 27. Bf4 e5 28.
Be3 Nf8 29. Qe4 Ne6 30. Nb2 Nd4 31. Nxa4 Qa7 32. Nc3 Rxc4 33. Nd5 Rxc1 34.
Nxf6+ gxf6 35. Rxc1 Qa8 36. Qxa8 Rxa8 37. Rc3 b5 38. Bxd4 exd4 39. Rd3 Kg7 40.
Kf3 f5 41. Kf4 Kf6 42. Rxd4 Ke6 43. Rd3 Rc8 44. Kg5 f6+ 45. Kh6 Rc7 46. f4 Ra7
47. h5 Rc7 48. Rd8 Ra7 49. Rg8 Rxa3 50. Kxh7 Kf7 51. h6 Rb3 52. Rg7+ Kf8 53.
Rb7 Rxg3 54. Rxb5 Kf7 55. Rb7+ Kf8 56. b5 Rg4 57. b6 1-0

[Event "Copenhagen Chess Challenge 2012"]
[Site "Ballerup"]
[Date "2012.??.??"]
[Round "7"]
[White "Tikkanen, Hans"]
[Black "Christensen, Tobias"]
[Result "1-0"]
[WhiteElo "2566"]
[BlackElo "2363"]
[PlyCount "87"]
[EventDate "2012.??.??"]
[EventType "swiss"]
[EventRounds "9"]
[EventCountry "DEN"]

1. c4 Nf6 2. g3 e6 3. Bg2 d5 4. d4 Nc6 5. Nf3 Bb4+ 6. Bd2 a5 7. Bc3 Ne4 8. Qc2
O-O 9. O-O Bd7 10. Nfd2 f5 11. a3 Bxc3 12. bxc3 Kh8 13. e3 Ne7 14. cxd5 exd5
15. c4 c6 16. c5 b6 17. cxb6 Qxb6 18. Nc3 Rab8 19. Rfb1 Qa7 20. Na4 Rxb1+ 21.
Rxb1 Rb8 22. Bxe4 fxe4 23. Qc5 Rxb1+ 24. Nxb1 Qxc5 25. Nxc5 Bg4 26. Nc3 Nc8 27.
Nb3 a4 28. Nxa4 Bd1 29. Nac5 Bxb3 30. Nxb3 Kg8 31. a4 Kf7 32. a5 Ke7 33. Kg2
Nd6 34. Kh3 Nc4 35. a6 Nb6 36. a7 Na8 37. Kg4 Ke6 38. Kg5 Ke7 39. Kf5 Nc7 40.
h4 Na8 41. h5 Nc7 42. Nc5 Na8 43. g4 Nb6 44. g5 1-0

[Event "Copenhagen Chess Challenge 2012"]
[Site "Ballerup"]
[Date "2012.??.??"]
[Round "7"]
[White "Hector, Jonny"]
[Black "Fries Nielsen, Jens Ove"]
[Result "1-0"]
[WhiteElo "2560"]
[BlackElo "2363"]
[PlyCount "67"]
[EventDate "2012.??.??"]
[EventType "swiss"]
[EventRounds "9"]
[EventCountry "DEN"]

1. e4 d5 2. exd5 Qxd5 3. Nf3 Nf6 4. d4 Bg4 5. Be2 e6 6. O-O Be7 7. h3 Bh5 8. c4
Qd8 9. Qb3 Qc8 10. Nc3 O-O 11. Bf4 Nbd7 12. Rfe1 Bd6 13. Ne5 Bxe2 14. Rxe2 Nh5
15. Bd2 c6 16. Ne4 Be7 17. Bb4 Bxb4 18. Qxb4 Nhf6 19. Nd6 Qc7 20. Rd1 a5 21.
Qa3 Nb6 22. Rd3 Nc8 23. c5 Nd5 24. Rb3 Ra7 25. Rg3 Nce7 26. Qf3 Ng6 27. h4 Raa8
28. h5 Nxe5 29. Rxe5 Qe7 30. Reg5 g6 31. hxg6 fxg6 32. Rxg6+ hxg6 33. Rxg6+ Kh7
34. Qh5# 1-0

[Event "Copenhagen Chess Challenge 2012"]
[Site "Ballerup"]
[Date "2012.??.??"]
[Round "7"]
[White "Danielsen, Henrik"]
[Black "Jacobsen, Bo"]
[Result "1-0"]
[WhiteElo "2498"]
[BlackElo "2337"]
[PlyCount "87"]
[EventDate "2012.??.??"]
[EventType "swiss"]
[EventRounds "9"]
[EventCountry "DEN"]

1. Nf3 Nf6 2. d4 g6 3. c4 Bg7 4. g3 O-O 5. Nc3 d6 6. Bg2 Nc6 7. O-O Bf5 8. d5
Na5 9. Nd2 c5 10. e4 Bd7 11. Rb1 a6 12. b3 b5 13. Bb2 bxc4 14. bxc4 Ng4 15. h3
Nf6 16. Ba1 e5 17. Qe2 Bh6 18. Rfd1 Nh5 19. Kh2 Qc7 20. Bf1 Ng7 21. Bg2 Rab8
22. Bf1 Rb4 23. a3 Rbb8 24. Qd3 Rbe8 25. Nf3 f5 26. Bg2 Nh5 27. Rb2 Nf6 28. Qe2
Rf7 29. Rf1 Qd8 30. Kg1 Ref8 31. Nh2 Qc8 32. Rb6 Qc7 33. Rxa6 Nb3 34. Nb5 Bxb5
35. cxb5 fxe4 36. Bc3 Nxd5 37. Bxe5 dxe5 38. Ng4 Bg7 39. Qc4 Nd2 40. Qxd5 Nxf1
41. Bxf1 Kh8 42. Qxe4 Rf5 43. b6 Qb8 44. b7 1-0

[Event "Copenhagen Chess Challenge 2012"]
[Site "Ballerup"]
[Date "2012.??.??"]
[Round "7"]
[White "Pedersen, Nicolai Vesterbaek"]
[Black "Minko, Vladimir"]
[Result "0-1"]
[WhiteElo "2465"]
[BlackElo "2188"]
[PlyCount "90"]
[EventDate "2012.??.??"]
[EventType "swiss"]
[EventRounds "9"]
[EventCountry "DEN"]

1. d4 Nf6 2. c4 c5 3. d5 e6 4. Nc3 exd5 5. cxd5 Bd6 6. g3 O-O 7. Bg2 Bc7 8. Nf3
d6 9. O-O a6 10. a4 Re8 11. Qc2 Nbd7 12. h3 Rb8 13. Qd3 Nf8 14. Be3 Bd7 15.
Rfb1 Qc8 16. Ng5 Bf5 17. Nge4 Nxe4 18. Bxe4 Bxe4 19. Nxe4 Qxh3 20. b4 Qg4 21.
f3 Qg6 22. Kf2 f5 23. Ng5 cxb4 24. Rxb4 b5 25. axb5 Rxe3 26. Kxe3 Qxg5+ 27. Kf2
a5 28. Rf4 Bb6+ 29. e3 g6 30. Qc3 Qe7 31. Rc4 Re8 32. Re1 Nd7 33. Rc8 Ne5 34.
Kg2 Qd7 35. Rxe8+ Qxe8 36. Rb1 a4 37. Rb2 Qa8 38. e4 fxe4 39. fxe4 a3 40. Rb3
Bc5 41. b6 Qa6 42. b7 Qe2+ 43. Kh3 Qf1+ 44. Kh4 Qh1+ 45. Kg5 Kg7 0-1

[Event "Copenhagen Chess Challenge 2012"]
[Site "Ballerup"]
[Date "2012.??.??"]
[Round "7"]
[White "Hagen, Andreas Skytte"]
[Black "Sylvan, Jacob"]
[Result "1/2-1/2"]
[WhiteElo "2445"]
[BlackElo "2310"]
[PlyCount "63"]
[EventDate "2012.??.??"]
[EventType "swiss"]
[EventRounds "9"]
[EventCountry "DEN"]

1. c4 g6 2. g3 Bg7 3. Bg2 d6 4. Nc3 e5 5. e4 Nc6 6. Nge2 Be6 7. d3 Qd7 8. Nd5
f5 9. O-O Nf6 10. Bg5 O-O 11. Qd2 Rf7 12. f3 Raf8 13. Rae1 Nd4 14. Nxd4 exd4
15. b3 fxe4 16. dxe4 Nxd5 17. cxd5 Bh3 18. Bh6 Bxh6 19. Qxh6 Bxg2 20. Kxg2 c5
21. Qd2 b6 22. Qd3 b5 23. Re2 Qb7 24. f4 a5 25. Rb1 Re8 26. h4 Qd7 27. Rf1 Rfe7
28. Rfe1 Qb7 29. Kf2 Rf7 30. Kg2 Rfe7 31. Kf2 Rf7 32. Kg2 1/2-1/2

[Event "Copenhagen Chess Challenge 2012"]
[Site "Ballerup"]
[Date "2012.??.??"]
[Round "7"]
[White "Bromann, Thorbjorn"]
[Black "Fries Nielsen, Niels Jorgen"]
[Result "1/2-1/2"]
[WhiteElo "2411"]
[BlackElo "2326"]
[PlyCount "42"]
[EventDate "2012.??.??"]
[EventType "swiss"]
[EventRounds "9"]
[EventCountry "DEN"]

1. e4 d6 2. d4 Nf6 3. Nc3 g6 4. f4 Bg7 5. Nf3 O-O 6. Be3 a6 7. e5 Ng4 8. Bg1 b5
9. Qe2 b4 10. Ne4 a5 11. Nf2 Ba6 12. Qd2 Nxf2 13. Bxf2 Bxf1 14. Rxf1 dxe5 15.
dxe5 Qxd2+ 16. Kxd2 Nc6 17. a3 Rfd8+ 18. Kc1 f6 19. exf6 Bxf6 20. Bh4 Bxh4 21.
Nxh4 b3 1/2-1/2

[Event "Copenhagen Chess Challenge 2012"]
[Site "Ballerup"]
[Date "2012.??.??"]
[Round "7"]
[White "Westerinen, Heikki"]
[Black "Teplyi, Igor"]
[Result "1-0"]
[WhiteElo "2335"]
[BlackElo "2388"]
[PlyCount "55"]
[EventDate "2012.??.??"]
[EventType "swiss"]
[EventRounds "9"]
[EventCountry "DEN"]

1. e4 c5 2. Nf3 d6 3. c3 Nf6 4. h3 g6 5. Bd3 Bg7 6. Bc2 O-O 7. O-O Nc6 8. Re1
Bd7 9. d4 cxd4 10. cxd4 Nb4 11. Bb3 Rc8 12. Nc3 Qa5 13. e5 Ne8 14. e6 fxe6 15.
Rxe6 Kh8 16. Rxe7 Rc7 17. Ng5 d5 18. Bd2 Qb6 19. a3 Bg4 20. Qxg4 Rxe7 21. axb4
Qxd4 22. Qxd4 Bxd4 23. Nf3 Bg7 24. Nxd5 Rd7 25. Bc3 Nc7 26. Bxg7+ Kxg7 27. Nxc7
Rxc7 28. Nd4 1-0

[Event "Copenhagen Chess Challenge 2012"]
[Site "Ballerup"]
[Date "2012.??.??"]
[Round "7"]
[White "Carstensen, Jacob"]
[Black "Akdag, Dara"]
[Result "1-0"]
[WhiteElo "2305"]
[BlackElo "2264"]
[PlyCount "65"]
[EventDate "2012.??.??"]
[EventType "swiss"]
[EventRounds "9"]
[EventCountry "DEN"]

1. d4 Nf6 2. c4 c5 3. d5 e6 4. Nc3 exd5 5. cxd5 d6 6. e4 g6 7. Nge2 Bg7 8. Ng3
O-O 9. Be2 Na6 10. O-O Nc7 11. a4 Rb8 12. Bf4 a6 13. Rb1 h5 14. b4 cxb4 15.
Rxb4 Ng4 16. Qb3 Nxh2 17. Rc1 Ng4 18. Bxg4 hxg4 19. Rb6 Ne8 20. Nce2 Be5 21.
Bxe5 dxe5 22. Rxa6 b5 23. Rac6 Bd7 24. axb5 Bxc6 25. dxc6 Rb6 26. Nc3 Nc7 27.
Qc4 Rb8 28. Rd1 Qg5 29. Rb1 Na8 30. Nd5 Nb6 31. Nxb6 Rxb6 32. Qc5 Rbb8 33. c7
1-0

[Event "Copenhagen Chess Challenge 2012"]
[Site "Ballerup"]
[Date "2012.??.??"]
[Round "7"]
[White "Thuesen, Mogens Henrik"]
[Black "Svane, Rasmus"]
[Result "1-0"]
[WhiteElo "2242"]
[BlackElo "2390"]
[PlyCount "87"]
[EventDate "2012.??.??"]
[EventType "swiss"]
[EventRounds "9"]
[EventCountry "DEN"]

1. d4 d5 2. c4 e6 3. Nf3 Nf6 4. g3 Bb4+ 5. Bd2 Be7 6. Bg2 O-O 7. O-O c6 8. Qc2
Nbd7 9. Rd1 b6 10. Bf4 Bb7 11. cxd5 cxd5 12. Nc3 Rc8 13. Qb3 a6 14. Rac1 b5 15.
a3 Qa5 16. Ne5 Rfd8 17. Nxd7 Nxd7 18. Na2 Rc4 19. Bd2 Qb6 20. e3 Rdc8 21. Nc3
h5 22. Qa2 Nf6 23. b3 R4c6 24. Ne2 Ne4 25. Be1 Rxc1 26. Rxc1 Rxc1 27. Nxc1 b4
28. Nd3 bxa3 29. b4 a5 30. Qxa3 Ba6 31. f3 Nd6 32. Nc5 Nc4 33. bxa5 Qb1 34. Qc3
Bb5 35. Bf1 Bg5 36. f4 Bd8 37. Qb4 Qc1 38. Nd3 Qxe3+ 39. Bf2 Qe4 40. Qxb5 Nd2
41. Ne5 Nxf1 42. Kxf1 Qh1+ 43. Bg1 Bf6 44. Qe2 1-0

[Event "Copenhagen Chess Challenge 2012"]
[Site "Ballerup"]
[Date "2012.??.??"]
[Round "7"]
[White "Matthiesen, Martin"]
[Black "Jensen, Simon Stibolt"]
[Result "1-0"]
[WhiteElo "2310"]
[BlackElo "1667"]
[PlyCount "67"]
[EventDate "2012.??.??"]
[EventType "swiss"]
[EventRounds "9"]
[EventCountry "DEN"]

1. d4 f5 2. Nf3 Nf6 3. g3 e6 4. Bg2 d5 5. O-O Be7 6. c4 c6 7. b3 Ne4 8. Ba3
Bxa3 9. Nxa3 Qe7 10. Nc2 dxc4 11. bxc4 O-O 12. Nce1 Nd7 13. Nd3 b6 14. e3 Qd6
15. Nd2 Nxd2 16. Qxd2 Bb7 17. Rfc1 Rfd8 18. Qb2 Qe7 19. c5 b5 20. a4 a6 21. Nb4
Rdc8 22. axb5 axb5 23. Rxa8 Bxa8 24. Ra1 Nf6 25. Ra6 Qc7 26. Nxc6 Bb7 27. Ra7
Nd5 28. Bxd5 exd5 29. Qxb5 Qxc6 30. Qxb7 Qxb7 31. Rxb7 f4 32. gxf4 h5 33. Rd7
h4 34. Kg2 1-0

[Event "Copenhagen Chess Challenge 2012"]
[Site "Ballerup"]
[Date "2012.??.??"]
[Round "7"]
[White "Hove, Esben Kjems"]
[Black "Kokholm, Daniel"]
[Result "1-0"]
[WhiteElo "2247"]
[BlackElo "1925"]
[PlyCount "83"]
[EventDate "2012.??.??"]
[EventType "swiss"]
[EventRounds "9"]
[EventCountry "DEN"]

1. d4 Nf6 2. Nf3 d5 3. Bf4 Nc6 4. Nbd2 Bg4 5. h3 Bh5 6. c3 e6 7. e3 a6 8. b4
Bd6 9. g4 Bg6 10. b5 Nb8 11. Ne5 Bxe5 12. Bxe5 axb5 13. Bxb5+ c6 14. Be2 O-O
15. O-O Ne8 16. c4 f6 17. Bg3 Qe7 18. Qb3 Rf7 19. a4 Na6 20. c5 Qd7 21. Ra2 Re7
22. f4 Qc8 23. Rb2 Ra7 24. Ra1 Qa8 25. Qc3 Nb8 26. Rba2 Nc7 27. Qb2 Nca6 28.
Nb1 Nd7 29. Nc3 Qc8 30. Nb5 Ra8 31. Nd6 Qf8 32. Nxb7 e5 33. f5 Bf7 34. Nd6 Qb8
35. Rb1 Qxb2 36. Raxb2 Nab8 37. dxe5 fxe5 38. Bh4 Re8 39. Nxe8 Bxe8 40. Be7
Rxa4 41. Rxb8 Nxb8 42. Rxb8 1-0